| 000 | 00554nam a2200157 4500 | ||
|---|---|---|---|
| 008 | 151209b xxu||||| |||| 00| 0 eng d | ||
| 020 | _a0721669492 | ||
| 050 | _aSPE RC 691.6 .U47I57 2000 | ||
| 100 |
_aZwiebel, William J. _d2000 |
||
| 245 |
_aIntroduction to Vascular Ultrasonography _cWilliam J. Zwiebel |
||
| 250 | _a4th ed. | ||
| 260 |
_aLondon: _bW.B saunders Company, _c2000. |
||
| 300 | _axiv, 505p.: ill. | ||
| 650 | _aBlood- Vessels- Ultrasonic Imaging | ||
| 942 |
_2lcc _cBOOKS _hSPE RC 691.6 .U47I57 2000 |
||
| 999 |
_c10774 _d10774 |
||